Central Library OPAC University of Rajshahi

Classic papers in genetics / (Record no. 11669)

MARC details
000 -LEADER
fixed length control field 00796nam a2200253 a 4500
001 - CONTROL NUMBER
control field 11669
003 - CONTROL NUMBER IDENTIFIER
rucl marc code BD-RjUL
005 - DATE AND TIME OF LATEST TRANSACTION
control field 20211208235149.0
008 - FIXED-LENGTH DATA ELEMENTS--GENERAL INFORMATION
fixed length control field 140127s1959 njua b 000 0 eng d
035 ## - SYSTEM CONTROL NUMBER
System control number (BD-RjUL)11718
040 ## - CATALOGING SOURCE
Original cataloging agency BD-RjUL
Language of cataloging eng
Transcribing agency BD-RjUL
Modifying agency BD-RjUL
041 ## - LANGUAGE CODE
Language code of text/sound track or separate title eng
082 ## - DEWEY DECIMAL CLASSIFICATION NUMBER
Edition number 22
Classification number 576.5
Author mark and year CLA 1959
245 00 - TITLE STATEMENT
Title Classic papers in genetics /
Statement of responsibility, etc. edited by James A. Peters
260 ## - PUBLICATION, DISTRIBUTION, ETC. (IMPRINT)
Place of publication, distribution, etc. Englewood Cliffs N. J. :
Name of publisher, distributor, etc. Prentice-Hall,
Date of publication, distribution, etc. 1959 [reprinting 1962]
300 ## - PHYSICAL DESCRIPTION
Pagination vi, 282 p. :
Illustrations ill. ;
Size 23 cm.
504 ## - BIBLIOGRAPHY, ETC. NOTE
Bibliography, etc Includes bibliography.
650 #0 - SUBJECT ADDED ENTRY--TOPICAL TERM
Topical term or geographic name as entry element Genetics.
9 (RLIN) 36094
Topical term or geographic name as entry element Genetics
General subdivision History.
9 (RLIN) 35798
700 1# - ADDED ENTRY--PERSONAL NAME
Personal name Peters, James A.
Dates associated with a name 1922-1972.
Fuller form of name Arthur
830 #0 - SERIES ADDED ENTRY--UNIFORM TITLE
Uniform title Prentice-Hall biological science series
942 ## - ADDED ENTRY ELEMENTS (KOHA)
Source of classification or shelving scheme Dewey Decimal Classification
Koha item type Books
Holdings
Lost status Source of classification or shelving scheme Damaged status Not for loan Collection code Permanent Location Current Location Shelving location Date acquired Source of acquisition Cost, normal purchase price Total Checkouts Full call number Date last seen Copy number Koha item type Date checked out Coded location qualifier
  Dewey Decimal Classification     Non-fiction Central Library, University of Rajshahi Central Library, University of Rajshahi Reading Room 22/02/1964 Zeitlinger 30.00   576.5 CLA 1959 27/01/2014 C-2 Books    
  Dewey Decimal Classification     Non-fiction Central Library, University of Rajshahi Central Library, University of Rajshahi Reading Room 12/04/1968 Zeitlinger 47.00 3 576.5 CLA 1959 24/04/2025 C-3 Books 08/04/2025  
  Dewey Decimal Classification     Non-fiction Central Library, University of Rajshahi Central Library, University of Rajshahi   15/08/1968 Swets and Zeitlinger 47.06   576.5 CLA 1959 21/05/2017 C-5 Books    
  Dewey Decimal Classification     Non-fiction Central Library, University of Rajshahi Central Library, University of Rajshahi   15/08/1968 Swets and Zeitlinger 47.06   576.5 CLA 1959 21/05/2017 C-4 Books    
  Dewey Decimal Classification   Not For Loan Non-fiction Central Library, University of Rajshahi Central Library, University of Rajshahi   21/11/1963 Euro-pak 26.00   576.5 CLA 1962 21/05/2017 C-1 Books    
  Dewey Decimal Classification     Non-fiction Central Library, University of Rajshahi Central Library, University of Rajshahi   15/01/1968 M. Aftab hossain in Zoology, RU 15.00   576.5 CLA 1959 21/05/2017 C-6 Books    
  Dewey Decimal Classification     Non-fiction Central Library, University of Rajshahi Central Library, University of Rajshahi   22/02/1964 Zetlinger 30.00   576.5 CLA 1959 21/05/2017 C-7 Books    
  Dewey Decimal Classification     Non-fiction Central Library, University of Rajshahi Central Library, University of Rajshahi   21/11/1963 Euro. pak 26.00   576.5 CLA 1959 30/01/2019 C-8 Books    
  Dewey Decimal Classification     Non-fiction Central Library, University of Rajshahi Central Library, University of Rajshahi   11/04/1968       576.5 CLA 1959 30/01/2019 C-9 Books   47.00